00446nam a2200205Ia 4500003000900000008004100009040001300050040001300063041000800076100001900084245004700103250001000150260001200160260000900172300001100181300001000192490000600202700001600208700001600224IT-RoPAU120407s9999 xx 000 0 und d aIT-RoPAU cIT-RoPAU aita aPietro Parente aDizionario di teologia dogmatica. 3a. ed.  aRoma  aStudium c1952 a365 p. c22 cm v1 aA. Piolanti aS. Garofalo